000 00607cam a22002172 4500
001 0000004564
005 20151217151937.0
008 070525s xx 000 0 eng d
020 _a0070585148 :
_cKES 950
040 _aKABU
_cKABU
050 0 _aHF5549
_b.I95 2004
100 1 _aIvancevich, John M.
_@0000150555
245 1 0 _aHuman resource management.
250 _a9th ed.
260 _aNew Delhi :
_bTata McGraw-Hill,
_c2004.
300 _axxi, 649 p.
650 0 _aPersonnel management.
_@0000150761
908 _a070525
950 _@1
999 _c6585
_d6585